000 00518nam a2200169 i 4500
001 90579
003 ES-MaACL
005 20230906180504.0
007 t|
008 050121s1909 ag ||||1| spa d
100 1 _aLeguizamón, Martiniano.
_971319
245 1 0 _aUrquiza y la casa del acuerdo
_b: contribución histórica /
_cMartiniano Leguizamón.
260 _aLa Plata :
_b[Joaquín Sesé],
_c1909.
300 _aXVI, 225 p. ;
_c23 cm.
600 1 4 _aUrquiza, Justo José de.
_9112216
852 _aES-MaACL
_jD-4066
999 _c90579
_d90579